000 00652nam a2200241Ia 4500
003 OSt
005 20220918204036.0
006 a|||||r|||| 00| 0
007 ta
008 220917b |||||||| |||| 00| 0 eng d
024 _a110,776
037 _cTextual
040 _aARTS
_cARTS
_beng
041 _2eng
_aeng
082 _aV5:71.C1, L5
100 _aPhillips Patricia
_9110515
245 0 _aEarly farmers of West mediterranean Europe
260 _aLondon
_bHutchinson of London
_c1975
300 _a176p. illus
_ccm.
650 _aHISTORY
942 _hV5:71.C1, L5
_cTEXL
_2CC
999 _c234126
_d234126